Religion Quiz

Random Religion Quiz

LDS 12 Apostles Quiz Stats

Quiz not verified by Sporcle

Challenge
Share
Tweet
Embed
Score 0/12 Timer 02:00
0 Plays Today
Number Names % Correct
1.Boyd K. Packer
89.5%
2.L. Tom Perry
81%
3.Russell M. Nelson
72.4%
5.M. Russell Ballard
66.7%
9.David A. Bednar
63.8%
4.Dallin H. Oaks
61.9%
11.D. Todd Christofferson
59%
8.Jeffery R. Holland
57.1%
6.Richard G. Scott
52.4%
7.Robert D. Hales
49.5%
10.Quentin L. Cook
48.6%
12.Neil L. Anderson
48.6%

You're not logged in!

Compare scores with friends on all Sporcle quizzes.
Sign Up with Email
OR
Log In

You Might Also Like...

Show Comments

Extras

Top Quizzes Today


Score Distribution

Your Account Isn't Verified!

In order to create a playlist on Sporcle, you need to verify the email address you used during registration. Go to your Sporcle Settings to finish the process.